[Event "Roncana op-C 6th"]
[Site "Santa Eulalia de Roncana"]
[Date "2012.12.01"]
[Round "8.12"]
[White "Garcia Fernandez, Francisco"]
[Black "Punsola Mena, Pol"]
[Result "0-1"]
[WhiteElo "1754"]
[BlackElo "1755"]
[PlyCount "46"]
[EventDate "2012.10.06"]
[EventType "swiss"]
[EventRounds "8"]
[EventCountry "ESP"]
[SourceTitle "EXT 2024"]
[Source "ChessBase"]
[SourceDate "2023.10.10"]
[SourceVersion "1"]
[SourceVersionDate "2023.10.10"]
[SourceQuality "1"]

1. e4 e5 2. Nf3 Nf6 3. Nc3 Nc6 4. Bb5 a6 5. Bxc6 dxc6 6. d3 Bd6 7. 0-0 0-0 8. Bg5 Bg4 9. Qe2 Bc5 10. Qd2 Bxf3 11. gxf3 h6 12. Bxh6 Nh5 13. Kh1 Qf6 14. Rg1 Qxf3+ 15. Rg2 Nf4 16. Rag1 Nxg2 17. Rxg2 Bxf2 18. Qg5 g6 19. Qxe5 f6 20. Qe7 Rf7 21. h4 Qh3+ 22. Rh2 Qf3+ 23. Rg2 Rxe7 0-1

[Event "Roncana op-C 6th"]
[Site "Santa Eulalia de Roncana"]
[Date "2012.11.17"]
[Round "6.13"]
[White "Exojo Sanchez, Angel"]
[Black "Garcia Fernandez, Francisco"]
[Result "0-1"]
[WhiteElo "1700"]
[BlackElo "1754"]
[PlyCount "52"]
[EventDate "2012.10.06"]
[EventType "swiss"]
[EventRounds "8"]
[EventCountry "ESP"]
[SourceTitle "EXT 2024"]
[Source "ChessBase"]
[SourceDate "2023.10.10"]
[SourceVersion "1"]
[SourceVersionDate "2023.10.10"]
[SourceQuality "1"]

1. e4 e6 2. Nf3 Nc6 3. Nc3 Nf6 4. Bc4 Bc5 5. d3 Ng4 6. h4 Nxf2 7. Bg5 f6 8. Qe2 Nxh1 9. Bf4 Bf2+ 10. Kf1 0-0 11. Nb5 d5 12. exd5 exd5 13. Bb3 Bd7 14. Bxd5+ Kh8 15. g4 Bxg4 16. Kg2 Qc8 17. Rxh1 Re8 18. Qxf2 Qf5 19. Nxc7 Qxf4 20. Nxe8 Rxe8 21. Bf7 Re3 22. Qd2 Qxf3+ 23. Kg1 Re2 24. Qa5 Nxa5 25. d4 Re1+ 26. Kh2 Qf2# 0-1

[Event "Roncana op-C 6th"]
[Site "Santa Eulalia de Roncana"]
[Date "2012.11.10"]
[Round "5.13"]
[White "Garcia Fernandez, Francisco"]
[Black "Guerrero Baez, Indira"]
[Result "1/2-1/2"]
[WhiteElo "1754"]
[BlackElo "1700"]
[PlyCount "51"]
[EventDate "2012.10.06"]
[EventType "swiss"]
[EventRounds "8"]
[EventCountry "ESP"]
[SourceTitle "EXT 2024"]
[Source "ChessBase"]
[SourceDate "2023.10.10"]
[SourceVersion "1"]
[SourceVersionDate "2023.10.10"]
[SourceQuality "1"]

1. e4 e5 2. Nf3 Nc6 3. Nc3 Bc5 4. Bb5 a6 5. Ba4 b5 6. Bb3 Nf6 7. Ng5 0-0 8. Nxf7 Qe7 9. Nh6+ Kh8 10. Nf5 Qd8 11. Qg4 Rg8 12. d3 Nxg4 13. 0-0 Re8 14. Bh6 gxh6 15. h3 Nf6 16. Nxh6 Qe7 17. Kh1 Nh5 18. f4 exf4 19. g4 Ng3+ 20. Kh2 Nxf1+ 21. Rxf1 Qh4 22. Rxf4 Qg3+ 23. Kxg3 b4 24. Rf5 Bd4 25. Rg5 Bg7 26. Nf7+ 1/2-1/2

[Event "Roncana op-C 6th"]
[Site "Santa Eulalia de Roncana"]
[Date "2012.10.27"]
[Round "3.10"]
[White "Salmeron Moreno, Ivan"]
[Black "Garcia Fernandez, Francisco"]
[Result "1-0"]
[WhiteElo "1700"]
[BlackElo "1754"]
[PlyCount "97"]
[EventDate "2012.10.06"]
[EventType "swiss"]
[EventRounds "8"]
[EventCountry "ESP"]
[SourceTitle "EXT 2024"]
[Source "ChessBase"]
[SourceDate "2023.10.10"]
[SourceVersion "1"]
[SourceVersionDate "2023.10.10"]
[SourceQuality "1"]

1. e4 e6 2. Nf3 d5 3. Nc3 Nf6 4. exd5 exd5 5. Bb5+ Nc6 6. Bxc6+ bxc6 7. Qe2+ Qe7 8. Qxe7+ Bxe7 9. 0-0 0-0 10. Re1 Re8 11. Ng5 Ng4 12. f3 Bc5+ 13. Kf1 Be6 14. Nxe6 Re7 15. Nxc5 Rae8 16. Rxe7 Rxe7 17. fxg4 f5 18. gxf5 Rf7 19. Ke2 Re7+ 20. Kd3 Rf7 21. Kd4 h6 22. d3 h5 23. Bg5 Rxf5 24. Ne6 c5+ 25. Kxc5 d4+ 26. Kxd4 Rf2 27. Ne4 Rxg2 28. Rf1 Rxh2 29. Rf8+ Kh7 30. Nf6+ Kg6 31. Ne4 h4 32. Bxh4 Rxh4 33. Nf4+ Kh6 34. Ng2 Kh7 35. Nxh4 c5+ 36. Nxc5 a6 37. Nxa6 g5 38. Nf5 g4 39. Rf7+ Kh8 40. Nc7 Kg8 41. Nh6+ Kh8 42. Nxg4 Kg8 43. Rd7 Kf8 44. Ne6+ Kg8 45. a4 Kh8 46. a5 Kg8 47. a6 Kh8 48. a7 Kg8 49. a8Q# 1-0

[Event "Roncana op-C 6th"]
[Site "Santa Eulalia de Roncana"]
[Date "2012.10.06"]
[Round "1.10"]
[White "Martinez Arranz, Nagore"]
[Black "Garcia Fernandez, Francisco"]
[Result "1-0"]
[WhiteElo "1700"]
[BlackElo "1754"]
[PlyCount "79"]
[EventDate "2012.10.06"]
[EventType "swiss"]
[EventRounds "8"]
[EventCountry "ESP"]
[SourceTitle "EXT 2024"]
[Source "ChessBase"]
[SourceDate "2023.10.10"]
[SourceVersion "1"]
[SourceVersionDate "2023.10.10"]
[SourceQuality "1"]

1. d4 d5 2. c4 Nf6 3. cxd5 Nxd5 4. e4 Nf6 5. Nc3 Nc6 6. Nf3 Bg4 7. Be3 e5 8. Bb5 Bb4 9. Nxe5 Bxd1 10. Rxd1 0-0 11. Bxc6 bxc6 12. Nxc6 Qd6 13. Nxb4 Qxb4 14. 0-0 Qxb2 15. Rd3 Rfe8 16. Rb1 Qc2 17. Rbd1 Nxe4 18. Nxe4 Rxe4 19. R3d2 Qc3 20. Rd3 Qb4 21. Rc1 Rb8 22. Rb3 Rxe3 23. Rxb4 Rxb4 24. fxe3 c6 25. d5 c5 26. Rxc5 Rb1+ 27. Kf2 Rb2+ 28. Kf3 g5 29. d6 Rb1 30. d7 Rf1+ 31. Kg3 Rd1 32. Rc8+ Kg7 33. d8Q Rxd8 34. Rxd8 f5 35. h4 f4+ 36. exf4 gxh4+ 37. Kxh4 Kg6 38. Kg4 h5+ 39. Kf3 Kf5 40. Rd7 1-0